Library Logo

Pioneer International University Library Catalogue

Driving change (Record no. 4057)

MARC details
000 -LEADER
fixed length control field 00298nam a22000977a 4500
005 - DATE AND TIME OF LATEST TRANSACTION
control field 20250901165436.0
008 - FIXED-LENGTH DATA ELEMENTS--GENERAL INFORMATION
fixed length control field 210401b ||||| |||| 00| 0 eng d
050 ## - LIBRARY OF CONGRESS CALL NUMBER
Classification number HD58.8 .W56 1998
245 ## - TITLE STATEMENT
Title Driving change
Remainder of title how the best companies are preparing for the 21st century
Statement of responsibility, etc. WIND, JERRY YORAM
942 ## - ADDED ENTRY ELEMENTS (KOHA)
Source of classification or shelving scheme Library of Congress Classification
Holdings
Withdrawn status Lost status Source of classification or shelving scheme Damaged status Not for loan Home library Current library Shelving location Date acquired Total checkouts Full call number Barcode Date last seen Price effective from Koha item type
    Library of Congress Classification     Main Library Main Library   04/01/2021   HD58.8 .W56 1998 PIU0160110 04/01/2021 04/01/2021 Books